English phonetics

Gorde:
Xehetasun bibliografikoak
Formatua: Liburua
Argitaratua: 1990
Etiketak: Etiketa erantsi
Etiketarik gabe, Izan zaitez lehena erregistro honi etiketa jartzen!
Thư viện lưu trữ: Mạng thư viện Đại học Đà Nẵng
LEADER 00414nam a22001811a 4500
001 000037703
003 13998
005 20160412020827.0
008 160412s1990 000
082 |a 4A(07)1081-82 
245 |a English phonetics 
260 |c 1990 
OWN |a LNN 
999 |a From the UDN01 
TYP |a Monograph 
980 |a Mạng thư viện Đại học Đà Nẵng